| 000 | 00465nam a2200193Ia 4500 | ||
|---|---|---|---|
| 008 | 171120s9999 xx 000 0 und d | ||
| 020 | _a1844429075 | ||
| 050 | _a973.73 | ||
| 050 | _bA489 2003 | ||
| 245 | 4 | _aThe amazing 1000 puzzle challenge / | |
| 260 | _aLondon : | ||
| 260 | _bCarlton Books Limited, | ||
| 260 | _c2003 | ||
| 300 | _a324 pages : | ||
| 300 | _bsome color illustrations ; | ||
| 300 | _c30cm. | ||
| 650 | _aPuzzles. | ||
| 700 | _aTitle. | ||
| 999 |
_c345026 _d345026 |
||